01020nam a2200289 a 450000100060000000300080000600500170001400800410003102000150007202000220008703500200010904000350012904100080016406000160017208200240018810000380021224500750025026000810032530000260040650400370043265000330046965000270050265000330052994200120056299900170057495201390059166195BD-RjUL20211209081517.0830411s1984 enk b 001 0 eng d a0521255988 a0521319781 (pbk.) a(BD-RjUL) 66325 aBD-RjULcBD-RjULdBD-RjULbeng aeng aW 740 M823L00a614.1223bMOL 19841 aMoore, Michael S.,d1943-919588710aLaw and psychiatry :brethinking the relationship /cMichael S. Moore. aCambridge [Cambridgeshire] ;aNew York :bCambridge University Press,c1984. axiv, 527 p. ;c25 cm. aIncludes bibliography and index. 0aForensic psychiatry.9195888 0aInsanity (Law)9195889 2aForensic psychiatry.9195888 2ddccBK c66195d66195 00102ddc40718NFICaRUCLbRUCLcReadingd1986-01-02eKarim int.g11.95l0o614.1 MOL 1984r2017-03-14 00:00:00tC-1w2017-03-14yBK